ბათუმის შოთა რუსთაველის სახელმწიფო უნივერსიტეტის ბიბლიოთეკა

მშობლიურ მიწასა და უცხო მიწათა შორის : (ბიბ.ჩანაწერი № 60844)

000 -ლიდერი
ფიქსირებული სიგრძის საკონტროლო ველი 02124nam a22002777a 4500
003 - საკონტროლო ნომრის იდენტიფიკატორი
საკონტროლო ველი Ge_BSU
005 - ბოლო ოპერაციის თარიღი და დრო
საკონტროლო ველი 20231106172152.0
008 - ფიქსირებული სიგრძის მონაცემთა ელემენტები - ზოგადი ინფორმაცია
ფიქსირებული სიგრძის საკონტროლო ველი 231106s2023 ge ||||| |||| 00| 0 geo d
020 ## - წიგნის საერთაშორისო სტანდარტული ნომერი
International Standard Book Number 9789941504808
041 ## - ენის კოდი
Language code of text/sound track or separate title geo
080 ## - უნივერსალური ათობითი კლასიფიკაციის ინდექსი
Universal Decimal Classification number 821.353.1-94 ა-79
100 ## - მთავარი ჩანაწერი - პიროვნების სახელი
Personal name არველაძე, ლადო
9 (RLIN) 20292
245 ## - ცნობა სათაურის შესახებ
Title მშობლიურ მიწასა და უცხო მიწათა შორის :
Remainder of title [მოგონებები]. [წიგნი] 2 /
Statement of responsibility, etc ლადო არველაძე; საგამომცემლო პროექტის ავტორები: გიორგი არველაძე და ბუბა კუდავა; სამეცნიერო რედაქტორი და კომენტარების ავტორი ლაშა ჩანტლაძე; გამომცემლობის რედაქტორი ნატო გორდელაძე; გარეკანის დიზაინერი დავით აბრამიშვილი.
264 ## - წარმოების, გამოცემის, დისტრიბუციის და სხვა ცნობები
გამოცემის, წარმოების, დისტრიბუციის... ადგილი თბილისი :
გამოცემის, წარმოების, დისტრიბუციის... სახელწოდება არტანუჯი,
გამოცემის, წარმოების, დისტრიბუციის... თარიღი 2023.
300 ## - ფიზიკური აღწერა
Extent 720 გვ. ;
Other physical details 24 სმ.
501 ## - შენიშვნა თანმხლებ მასალაზე
With note საძიებლები: გვ. 692-717.
504 ## - BIBLIOGRAPHY, ETC. NOTE
Bibliography, etc ბიბლიოგრაფია: გვ. 685-691.
520 ## - SUMMARY, ETC.
Summary, etc რეზიუმე ინგლისურ ენაზე.
653 ## - INDEX TERM--UNCONTROLLED
Uncontrolled term დოკუმენტური პროზა
700 ## - ADDED ENTRY--PERSONAL NAME
Personal name არველაძე, გიორგი
Relator term პროექტის ავტორი
9 (RLIN) 20293
700 ## - ADDED ENTRY--PERSONAL NAME
Personal name კუდავა, ბუბა
Relator term პროექტის ავტორი
9 (RLIN) 3540
700 ## - ADDED ENTRY--PERSONAL NAME
Personal name ჩანტლაძე, ლაშა
Relator term სამეცნიერო რედაქტორი, კომენტარების ავტორი
9 (RLIN) 20294
700 ## - ADDED ENTRY--PERSONAL NAME
Personal name გორდელაძე, ნატო
Relator term რედაქტორი
9 (RLIN) 14165
700 ## - ADDED ENTRY--PERSONAL NAME
Personal name აბრამიშვილი, დავით
Relator term გარეკანის დიზაინერი
9 (RLIN) 20295
942 ## - ADDED ENTRY ELEMENTS (KOHA)
Source of classification or shelving scheme
Koha item type წიგნი
ეგზემპლარები
ჩამოწერის სტატუსი დაკარგული ეგზემპლარის სტატუსი კლასიფიკაციის წყარო ან თაროზე გაწყობის სქემა დაზიანების სტატუსი არ გაიცემა მუდმივი მდებარეობა (დაცვის ადგილი) ამჟამინდელი ადგილსამყოფელი თაროზე განთავსების ადგილი შეძენის თარიღი ღირებულება, შესყიდვის ნორმალური ფასი სრული შენახვის შიფრი შტრიხკოდი ბოლო ოპერაციის თარიღი ეგზემპლარის მიმდევრობითი ნომერი (კეტერი?) ფასის ძალაში შესვლის თარიღი ეგზემპლარის სახეობა საჯარო შენიშვნა
          ბათუმის შოთა რუსთაველის სახელმწიფო უნივერსიტეტის მთავარი ბიბლიოთეკა ბათუმის შოთა რუსთაველის სახელმწიფო უნივერსიტეტის მთავარი ბიბლიოთეკა წიგნსაცავი 2023-11-06 15.00 821.353.1-94 ა-79 66702 2023-11-06 66702 2023-11-06 წიგნი 15 ლ.